Normal view
MARC view
Entry Topical Term
001 - CONTROL NUMBER
- control field: 2114
003 - CONTROL NUMBER IDENTIFIER
- control field: BD-RjUL
005 - DATE AND TIME OF LATEST TRANSACTION
- control field: 20220329104305.0
008 - FIXED-LENGTH DATA ELEMENTS
- fixed length control field: 220329|| aca||aabn | a|a d
040 ## - CATALOGING SOURCE
- Original cataloging agency: BD-RjUL
- Transcribing agency: BD-RjUL
150 ## - HEADING--TOPICAL TERM
- Topical term or geographic name entry element: Bengali poetry
- General subdivision: Society and politics
- Form subdivision: History and Criticism
- Chronological subdivision: 1947-71
- Geographic subdivision: Bangladesh
670 ## - SOURCE DATA FOUND
- Source citation: Work cat.: (BD-RjUL)79630: চক্রবর্তী, ফাল্গুনী রানী 2112, বাংলাদেশের কবিতায় সমাজ ও রাজনীতি ভাবনা (১৯৪৭-৭১) :, ২০০৭